Prvá výhra majstra 1. liga v hádzanej žien (4. kolo)

Bibliographic Details
Format: Article
Language:Slovak
Subjects:

MARC

LEADER 00000nab a2200000 a 4500
001 vtls000337389
003 SK-MaSNL
005 20260302224644.0
008 111201c1988 xo 0 slo
015 |a SNBRB19rr/mm-uuuuu 
035 |a CL0337511 
040 |a SNKBUCL  |b slo  |c SNKBUCL  |e AACR2 
041 0 |a slo 
044 |a xo  |c SK 
080 |a 796.322.093.1(437)  |2 1981 
245 0 0 |a Prvá výhra majstra  |b 1. liga v hádzanej žien (4. kolo) 
650 0 7 |a hádzaná  |2 snkbucl  |9 3292 
655 7 |a články z novín a časopisov  |2 snkbucl  |9 267496 
773 0 |t Šport  |g Roč. 42, č. 274 (21. 11. 1988), s. 5 
850 |a Slovenská národná knižnica v Martine  |a MTA001 
852 |a SNK  |b KIS3GCP 
958 |a RK 
992 |a RBX 
999 |c 1525310  |d 1527240